[Event "XXXVII Bosnia GM"]
[Site "Sarajevo BIH"]
[Date "2007.05.20"]
[Round "2"]
[White "Short,N"]
[Black "Timofeev,Arty"]
[Result "1/2-1/2"]
[WhiteElo "2691"]
[BlackElo "2658"]
[EventDate "2007.05.19"]

1. c4 Nf6 2. Nc3 c5 3. g3 g6 4. Bg2 Bg7 5. a3 Nc6 6. Rb1 a5 7. d3 O-O 8.
Bd2 Rb8 9. Nf3 d6 10. O-O Ne8 11. Ne1 Bd7 12. Nc2 Nc7 13. b4 axb4 14. axb4
cxb4 15. Nxb4 Nxb4 16. Rxb4 b5 17. cxb5 Nxb5 18. Nxb5 Rxb5 19. Rxb5 Bxb5
20. Qb3 Bd7 21. Rc1 Qb8 22. Qb7 Qxb7 23. Bxb7 h5 24. Bg5 f6 25. Be3 Kf7 26.
Rc7 Be6 27. d4 Rd8 28. d5 Bg4 29. f3 Rd7 30. Rxd7 1/2-1/2

[Event "XXXVII Bosnia GM"]
[Site "Sarajevo BIH"]
[Date "2007.05.21"]
[Round "3"]
[White "Predojevic,B"]
[Black "Short,N"]
[Result "1-0"]
[WhiteElo "2609"]
[BlackElo "2691"]
[EventDate "2007.05.19"]

1. e4 e5 2. Nf3 Nc6 3. Bc4 Nf6 4. d3 Be7 5. O-O d6 6. a4 O-O 7. Re1 Be6 8.
Nbd2 Qd7 9. Nf1 Rae8 10. Ng3 a6 11. Bd2 Nd8 12. Bxe6 Nxe6 13. b4 Bd8 14. c4
c6 15. Bc3 c5 16. a5 g6 17. bxc5 Nxc5 18. Rb1 Qc6 19. Qd2 b6 20. axb6 Bxb6
21. d4 Ncd7 22. c5 exd4 23. Nxd4 Qxc5 24. Ngf5 Re5 25. Bb4 Rxf5 26. Nxf5
Qxf2+ 27. Qxf2 Bxf2+ 28. Kxf2 gxf5 29. exf5 Rb8 30. Bxd6 Ne4+ 31. Kg1 Nxd6
32. Rxb8+ Nxb8 33. Rd1 Nxf5 34. Rd8+ Kg7 35. Rxb8 Ne7 36. Ra8 Ng6 37. Rxa6
Ne7 38. Kf2 Ng6 39. Kf3 Nh4+ 40. Kg3 Nf5+ 41. Kf4 Nh4 42. g3 Ng6+ 43. Kf5
Ne7+ 44. Kg5 Ng6 45. Rd6 Ne7 46. h4 Ng6 47. Ra6 Nf8 48. Kf5 Ne6 49. Rd6 Nf8
50. g4 h6 51. Ra6 Nh7 52. Ke5 Nf8 53. Kd6 Kf6 54. Ra5 Ng6 55. Rf5+ Kg7 56.
h5 Nh4 57. Rf2 f5 58. gxf5 Kf6 59. Kd5 1-0

[Event "XXXVII Bosnia GM"]
[Site "Sarajevo BIH"]
[Date "2007.05.22"]
[Round "4"]
[White "Timofeev,Arty"]
[Black "Predojevic,B"]
[Result "0-1"]
[WhiteElo "2658"]
[BlackElo "2609"]
[EventDate "2007.05.19"]

1. e4 c5 2. Nf3 d6 3. d4 cxd4 4. Nxd4 Nf6 5. Nc3 Bd7 6. Bg5 e6 7. Qd2 a6 8.
f3 Be7 9. O-O-O b5 10. h4 h6 11. Be3 b4 12. Nce2 e5 13. Nf5 Bxf5 14. exf5
Nc6 15. g4 Rc8 16. Kb1 d5 17. g5 hxg5 18. Bxg5 Qb6 19. Bg2 Na5 20. b3 Nc6
21. Rhe1 O-O 22. h5 Na7 23. Nd4 exd4 24. Rxe7 Nb5 25. Kb2 Qa5 26. a4 bxa3+
27. Ka1 Qxd2 28. Rxd2 d3 29. Re1 Rxc2 30. Bf1 Rxd2 31. Bxd2 Nd4 32. Ka2
Nxf3 33. Rd1 Ne4 34. Bb4 Nf2 35. Rb1 Re8 36. Bg2 Nd4 37. Bc5 Re2+ 38. Kxa3
Nc2+ 39. Ka4 d2 0-1

[Event "XXXVII Bosnia GM"]
[Site "Sarajevo BIH"]
[Date "2007.05.23"]
[Round "5"]
[White "Movsesian,S"]
[Black "Short,N"]
[Result "1-0"]
[WhiteElo "2642"]
[BlackElo "2691"]
[EventDate "2007.05.19"]

1. e4 e5 2. Nf3 Nc6 3. d4 exd4 4. Nxd4 Bc5 5. Be3 Qf6 6. c3 Nge7 7. g3 O-O
8. Bg2 d6 9. O-O Ne5 10. h3 Nc4 11. Bc1 Nc6 12. Ne2 a5 13. a4 Bd7 14. Nf4
Rae8 15. b3 Nb6 16. Ra2 Be6 17. Re2 Nd7 18. Kh2 Qd8 19. Na3 Nf6 20. Nb5 Bd7
21. Nd3 Bb6 22. f4 Re6 23. Rfe1 Rfe8 24. Bf3 h6 25. c4 Bc8 26. Bb2 Nd7 27.
Qa1 f6 28. e5 dxe5 29. Bd5 Kh8 30. Bxe6 Rxe6 31. Qd1 Re8 32. fxe5 fxe5 33.
Nf4 Qg5 34. c5 Nxc5 35. Bxe5 Rd8 36. Rd2 Rxd2+ 37. Qxd2 Bf5 38. Qd5 Nd7 39.
Bc3 1-0

[Event "XXXVII Bosnia GM"]
[Site "Sarajevo BIH"]
[Date "2007.05.23"]
[Round "5"]
[White "Predojevic,B"]
[Black "Morozevich,A"]
[Result "1/2-1/2"]
[WhiteElo "2609"]
[BlackElo "2762"]
[EventDate "2007.05.19"]

1. e4 c5 2. Nf3 d6 3. d4 cxd4 4. Nxd4 Nf6 5. Nc3 e6 6. Be2 Be7 7. Be3 O-O
8. f4 e5 9. Nb3 b6 10. Bf3 Nbd7 11. O-O Bb7 12. Qe1 Rc8 13. Rd1 Re8 14. Qg3
Bf8 15. fxe5 dxe5 16. Rf2 Rxc3 17. bxc3 Qc8 18. Rfd2 Bxe4 19. c4 Bf5 20. c5
bxc5 21. c4 Nb6 22. Bg5 Nfd7 23. Bg4 Be6 24. Qh3 h6 25. Be3 Qc6 26. Bxe6
Rxe6 27. Na5 Qa4 28. Nb7 Be7 29. Nd6 Bxd6 30. Rxd6 Nf8 31. Rd8 Qa5 32. Qf3
Nbd7 33. Qa8 Rd6 34. Rf1 Qa3 35. Bf2 f5 36. Qc8 Qa5 37. Re1 e4 38. h3 Rd3
39. Kh2 Qd2 40. Bxc5 Qxe1 41. Rxf8+ Kh7 42. Rh8+ Kg6 43. Qe8+ Kg5 44. Qe7+
Kf4 45. Bd6+ Rxd6 46. Qxd6+ Ne5 47. Re8 Qg3+ 48. Kh1 Qe1+ 1/2-1/2

[Event "XXXVII Bosnia GM"]
[Site "Sarajevo BIH"]
[Date "2007.05.24"]
[Round "6"]
[White "Movsesian,S"]
[Black "Timofeev,Arty"]
[Result "1/2-1/2"]
[WhiteElo "2642"]
[BlackElo "2658"]
[EventDate "2007.05.19"]

1. e4 c5 2. Nf3 Nc6 3. Bb5 e6 4. O-O Nge7 5. b3 a6 6. Bxc6 Nxc6 7. Bb2 b6
8. c4 Bb7 9. Re1 Qc7 10. Nc3 Bd6 11. Nd5 exd5 12. exd5+ Ne7 13. Bxg7 Rg8
14. Bf6 Rg6 15. Bxe7 Bxe7 16. Nh4 Kf8 17. Nxg6+ hxg6 18. Qf3 Qd6 19. Rad1
Kg7 20. Re4 Rh8 21. g3 b5 22. Rde1 Bf6 23. Re8 Rh5 24. R1e4 Bd4 25. d3 a5
26. a4 b4 27. Kg2 Be5 28. Qe2 Bc3 29. Kg1 Rf5 30. Qg4 Bd4 31. Qh4 Bxf2+ 32.
Kg2 Rh5 33. Qf4 Qxf4 34. gxf4 Bd4 35. Rb8 Bxd5 36. cxd5 Rxd5 37. Rb5 Bf6
38. Re3 Bd8 39. Rf3 Kf6 40. Kf2 Ke6 41. Rb8 Bc7 42. Re8+ Kf5 43. Ke3 Rd4
44. Re4 Rd5 45. Rc4 Kf6 46. d4 Bb6 47. dxc5 Bxc5+ 48. Ke2 d6 49. Rh3 Ke6
50. Re4+ Kf5 51. Re7 Kf6 52. Rb7 Rd4 53. Rh7 Re4+ 54. Kd2 d5 55. Rhxf7+ Ke6
56. Rg7 Rxf4 57. Rxg6+ Ke5 58. Rb5 Rf2+ 59. Ke1 Be3 60. Rg5+ Ke4 61. Rg4+
Kf3 62. Rg3+ Kf4 63. Rxd5 Rxh2 64. Rg8 Rb2 65. Rd3 Ke4 66. Rgd8 Rc2 67.
R3d7 Rc3 68. Ke2 Rc2+ 69. Kd1 Rc1+ 70. Ke2 Rc2+ 71. Kf1 Rc1+ 72. Kg2 Rg1+
73. Kh2 Rg6 74. Rh8 Bf4+ 75. Kh1 Kf3 76. Rd4 Be3 77. Rh3+ Kf2 78. Rd1 Ke2
79. Rd5 Rg1+ 80. Kh2 Rb1 81. Rxa5 Rxb3 82. Re5 Kd2 83. Kg2 Rd3 84. a5 b3
85. a6 b2 86. Rb5 1/2-1/2

[Event "XXXVII Bosnia GM"]
[Site "Sarajevo BIH"]
[Date "2007.05.25"]
[Round "7"]
[White "Movsesian,S"]
[Black "Sokolov,Iv NED"]
[Result "1/2-1/2"]
[WhiteElo "2642"]
[BlackElo "2655"]
[EventDate "2007.05.19"]

1. e4 e5 2. Nf3 Nc6 3. d4 exd4 4. Nxd4 Bb4+ 5. c3 Bc5 6. Be3 Bb6 7. Nf5 g6
8. Bxb6 axb6 9. Ne3 Nf6 10. Nd2 d5 11. exd5 Nxd5 12. Ndc4 Be6 13. Nxd5 Qxd5
14. Qxd5 Bxd5 15. O-O-O O-O-O 16. b3 f5 17. Ne3 Be4 18. f3 f4 19. Rxd8+
Rxd8 20. Ng4 Bf5 21. Nf2 Ne5 22. Be2 Re8 23. Re1 Nd3+ 24. Nxd3 Bxd3 25. Kd2
Bf5 1/2-1/2

[Event "XXXVII Bosnia GM"]
[Site "Sarajevo BIH"]
[Date "2007.05.25"]
[Round "7"]
[White "Short,N"]
[Black "Predojevic,B"]
[Result "1/2-1/2"]
[WhiteElo "2691"]
[BlackElo "2609"]
[EventDate "2007.05.19"]

1. e4 c5 2. Nf3 e6 3. d4 cxd4 4. Nxd4 a6 5. Nc3 b5 6. Bd3 Bb7 7. O-O Nc6 8.
Nxc6 Bxc6 9. Re1 Bc5 10. a3 Ne7 11. Qh5 d6 12. Bg5 Qb6 13. Re2 Ng6 14. Nd5
Qb7 15. Rd1 h6 16. Bc1 O-O 17. Nb4 Bxb4 18. axb4 e5 19. c3 a5 20. bxa5 Rxa5
21. Bc2 Ra1 22. Ree1 b4 23. cxb4 Rc8 24. Bd2 Ra2 25. Rb1 Bd5 26. Qd1 Be6
27. Bb3 Bxb3 28. Qxb3 Ra6 29. Rbd1 Rac6 30. g3 Nf8 31. Qf3 Ne6 32. Bc3 Ng5
33. Qg2 Ne6 34. h4 Nc7 35. Re3 Nb5 36. Qf3 Rc4 37. Kg2 Nd4 38. Bxd4 exd4
39. Red3 Qxb4 40. b3 Rc3 41. Qg4 Re8 42. Rxd4 Qxb3 43. Rxd6 Rcc8 44. h5 Qb4
45. R1d4 Qe1 46. Qf3 Rc1 47. Kh3 Qf1+ 48. Kg4 Qb5 49. R4d5 Qa4 50. Rd8 Rc4
51. R5d7 Rcxe4+ 52. Kh3 Qc4 53. Rxe8+ 1/2-1/2

[Event "XXXVII Bosnia GM"]
[Site "Sarajevo BIH"]
[Date "2007.05.26"]
[Round "8"]
[White "Predojevic,B"]
[Black "Movsesian,S"]
[Result "1/2-1/2"]
[WhiteElo "2609"]
[BlackElo "2642"]
[EventDate "2007.05.19"]

1. e4 c5 2. Nf3 e6 3. d4 cxd4 4. Nxd4 Nf6 5. Nc3 d6 6. Be3 Be7 7. Be2 Nc6
8. f4 O-O 9. Qd2 Qc7 10. O-O-O a6 11. g4 Nxd4 12. Qxd4 e5 13. Qd3 exf4 14.
Bxf4 Be6 15. g5 Nd7 16. Bxd6 Bxd6 17. Qxd6 Qa5 18. h4 1/2-1/2

[Event "XXXVII Bosnia GM"]
[Site "Sarajevo BIH"]
[Date "2007.05.26"]
[Round "8"]
[White "Timofeev,Arty"]
[Black "Short,N"]
[Result "1/2-1/2"]
[WhiteElo "2658"]
[BlackElo "2691"]
[EventDate "2007.05.19"]

1. e4 e5 2. Nf3 Nc6 3. Bb5 a6 4. Ba4 Nf6 5. O-O Be7 6. Re1 b5 7. Bb3 d6 8.
c3 O-O 9. h3 Na5 10. Bc2 c5 11. d4 Qc7 12. Nbd2 cxd4 13. cxd4 Bd7 14. Nf1
Rfc8 15. Re2 Nc6 16. a3 Nxd4 17. Nxd4 exd4 18. Qxd4 Be6 19. Be3 Nd7 20. Qd1
Bf6 21. Bb3 Bxb3 22. Qxb3 Ne5 23. Rd1 Qc4 24. Qxc4 Nxc4 25. Bd4 Bxd4 26.
Rxd4 Rc6 27. f4 Kf8 28. Kf2 Rac8 29. g4 Ke7 30. h4 a5 31. h5 a4 32. Ne3
Nxe3 33. Kxe3 Rc2 34. Red2 Rxd2 35. Rxd2 Rc5 36. Rd3 Rc2 37. Rd2 Rc5 38.
Rd3 Rc2 39. Rd2 1/2-1/2

[Event "XXXVII Bosnia GM"]
[Site "Sarajevo BIH"]
[Date "2007.05.27"]
[Round "9"]
[White "Sokolov,Iv NED"]
[Black "Short,N"]
[Result "1/2-1/2"]
[WhiteElo "2655"]
[BlackElo "2691"]
[EventDate "2007.05.19"]

1. d4 Nf6 2. c4 e6 3. Nf3 b6 4. Nc3 Bb4 5. Qc2 Bb7 6. a3 Bxc3+ 7. Qxc3 d6
8. e3 Nbd7 9. Be2 O-O 10. O-O Qe7 11. b4 a5 12. Bb2 Rfd8 13. Nd2 h6 14. f3
c5 15. dxc5 bxc5 16. Nb3 axb4 17. axb4 cxb4 18. Qxb4 Rdb8 19. Rxa8 Bxa8 20.
Qa3 e5 21. Rd1 Ne8 22. Bc3 Nf8 23. Rb1 Bc6 24. Qc1 Qa7 25. Bd2 Ne6 26. Na5
Bd7 27. Rxb8 Qxb8 28. Qa3 f5 29. Qb4 Qc7 30. Nb3 Kf7 31. Kf1 g5 32. Bd3 f4
33. e4 N8g7 34. Qa3 Nc5 35. Nxc5 dxc5 36. Qa8 Ne6 37. Bc3 Bc6 38. Qh8 Qd6
39. Qh7+ Ke8 40. Be2 Nd4 41. Ba5 Nxe2 42. Qg8+ Ke7 43. Qg7+ Ke8 44. Kxe2
Qd4 45. Qg6+ Ke7 46. Qg7+ 1/2-1/2

[Event "XXXVII Bosnia GM"]
[Site "Sarajevo BIH"]
[Date "2007.05.27"]
[Round "9"]
[White "Predojevic,B"]
[Black "Timofeev,Arty"]
[Result "1/2-1/2"]
[WhiteElo "2609"]
[BlackElo "2658"]
[EventDate "2007.05.19"]

1. e4 c5 2. Nf3 Nc6 3. Bb5 d6 4. d4 cxd4 5. Qxd4 Bd7 6. Bxc6 Bxc6 7. c4 Nf6
8. Nc3 g6 9. O-O Bg7 10. Qd3 O-O 11. Nd4 Rc8 12. Rd1 Qa5 13. b3 a6 14. Bb2
Rfe8 15. Rab1 Qh5 16. h3 Nd7 17. Re1 Qc5 18. Nxc6 Rxc6 19. a4 e6 20. Red1
Rec8 21. Ne2 Bxb2 22. Rxb2 Ne5 23. Qb1 R6c7 24. Rbd2 Rd7 25. Nd4 Rcd8 26.
Qb2 Qb4 1/2-1/2

[Event "XXXVII Bosnia GM"]
[Site "Sarajevo BIH"]
[Date "2007.05.28"]
[Round "10"]
[White "Short,N"]
[Black "Movsesian,S"]
[Result "1/2-1/2"]
[WhiteElo "2691"]
[BlackElo "2642"]
[EventDate "2007.05.19"]

1. e4 c5 2. Nf3 e6 3. d4 cxd4 4. Nxd4 Nf6 5. Nc3 d6 6. g4 h6 7. Bg2 a6 8.
Qe2 Qc7 9. f4 Nc6 10. Be3 Nxd4 11. Bxd4 e5 12. Nd5 Nxd5 13. exd5 Be7 14.
fxe5 Bh4+ 15. Bf2 Bxf2+ 16. Qxf2 dxe5 17. O-O-O Qd6 18. Qg3 O-O 19. Rhe1
Re8 20. Be4 Bd7 21. h4 Rac8 22. Kb1 Rc4 23. Re3 b5 24. b3 Rc5 25. Rf1 Rf8
26. Ref3 Rc7 27. g5 h5 28. Rf6 Qc5 29. d6 Ra7 30. Bh7+ Kh8 31. Rxf7 Rxf7
32. Rxf7 Kxh7 33. Qd3+ Kg8 34. Qg6 Qg1+ 35. Kb2 Qd4+ 36. Kb1 Qd1+ 37. Kb2
Qd4+ 38. Kb1 Qd1+ 1/2-1/2